000 00754nam a22002657a 4500
003 UA-OsUOA
001 47704
007 ta
008 20070816b un ||||| |||| 00| 0 ukr d
100 _aНарочницький О. Л.
700 _aАверянов О. П.
700 _aКертман Л. Ю
090 _a94(100)"1640/1870"
_bН30
942 _cBK
040 _aUA-OsUOA
_bukr
_cUA-OsUOA
_dUA-OsUOA
245 _aНова історія. 1640-1870
300 _a286 с.
955 _a2
041 _aukr
080 _a94(100)"1640/1870"
020 _a5-330-01582-0
260 _aК.
_bРадянська школа
_c1992
650 7 _a9 Географія. Біографії. Історія
_2UDC
999 _c333812
_d333812